000 01539nam0a2200373 4500
001 RU\NLR\bibl\1472819
005 20260409080803.0
010 _a978-5-87727-123-4
_910000
021 _aRU
_b2009-100788
_96409
035 _a(NLR Aleph) 001464503
090 _a1604396
_c1604396
100 _a20100212d2009 |||y0rusy50 ca
101 1 _arus
_aeng
_ceng
102 _aRU
105 _aa |||||||||
200 1 _aМоя первая Библия в картинках
_dMy first Bible in pictures
_fKenneth N. Taylor
_gwith ill. by Richard and Frances Hook
_zeng
210 _aМосква
_cАссоциация "Духовное возрождение"
_d2009 (печ. 2008)
215 _a254, [3] c.
_cцв. ил.
_d17
300 _aТекст парал. на рус. и англ. яз.
500 _aБиблия
_lПереработки
_3RU\NLR\auth\559299
_92631318
510 1 _6z45790
_aMy first Bible in pictures
_zeng
605 _aБиблия
_jИздания для детей
_9925493
_3RU\NLR\auth\6621240
686 _aШ9
_bЭ
700 1 _4070
_8rus
_7ca
_aТейлор
_bК. Н.
_gКеннет Н.
_3RU\NLR\AUTH\7761040
_943970
702 1 _aХук
_bР.
_gРичард
_4440
702 1 _aХук
_bФ.
_gФрэнсис
_4440
790 1 _4070
_8eng
_7ba
_aTaylor
_bK. N.
_gKenneth N.
_3RU\NLR\auth\7761041
_943971
801 0 _aRU
_bNLR
_c20100212
_gRCR
801 1 _aRU
_bNLR
_c20100212
942 _cBOOK
980 _aNB